Loading...
| Current Events | 1 | 20.00 | 100% | 100% | 0% |
| Fine Arts - Auditory Fine Arts | 6 | 15.00 | 100% | 50% | 0% |
| Fine Arts - Other Fine Arts | 5 | 24.00 | 100% | 100% | 40% |
| Fine Arts - Visual Fine Arts | 6 | 23.33 | 100% | 83% | 50% |
| Geography | 1 | 30.00 | 100% | 100% | 100% |
| History - American History | 4 | 10.00 | 100% | 0% | 0% |
| History - European History | 5 | 20.00 | 100% | 80% | 20% |
| History - Other History | 4 | 20.00 | 100% | 50% | 50% |
| History - World History | 3 | 16.67 | 100% | 67% | 0% |
| Literature - American Literature | 6 | 6.67 | 67% | 0% | 0% |
| Literature - British Literature | 5 | 16.00 | 100% | 20% | 40% |
| Literature - European Literature | 4 | 12.50 | 100% | 25% | 0% |
| Literature - World Literature | 3 | 10.00 | 100% | 0% | 0% |
| Mythology | 3 | 20.00 | 100% | 100% | 0% |
| Other Academic | 1 | 0.00 | 0% | 0% | 0% |
| Philosophy | 1 | 10.00 | 100% | 0% | 0% |
| Pop Culture | 2 | 15.00 | 100% | 50% | 0% |
| Popular Culture | 1 | 10.00 | 100% | 0% | 0% |
| Religion | 6 | 13.33 | 100% | 33% | 0% |
| Science - Biology | 5 | 10.00 | 80% | 20% | 0% |
| Science - Chemistry | 3 | 10.00 | 100% | 0% | 0% |
| Science - Other Science | 3 | 13.33 | 100% | 33% | 0% |
| Science - Physics | 3 | 20.00 | 100% | 100% | 0% |
| Social Science | 3 | 13.33 | 100% | 33% | 0% |